Genio y figura del norteamericano

Salvato in:
Dettagli Bibliografici
Autore principale: Brogan, D. W (Autore)
Natura: Libro
Lingua:spagnolo
Pubblicazione: Ciudad de México Fondo de Cultura Económica 1945
Soggetti:
Tags: Aggiungi Tag
Nessun Tag, puoi essere il primo ad aggiungerne!!

MARC

LEADER 00000nam a2200000 a 4500
001 UCO1061
003 CL-VaPUC
008 000505e19450000MX |||||||||||||||||spa|d
082 0 4 |a 973.08  |b BRO  |2 21 
100 0 |a Brogan, D. W  |e author  |9 442833 
245 1 0 |a Genio y figura del norteamericano 
300 |a 264 p 
942 |c BK 
945 |d 20000505 00:00:00  |a crobeson 
260 |a Ciudad de México  |b Fondo de Cultura Económica  |c 1945 
650 0 |a Etnología   |9 258726 
650 0 |a Población  |9 257577 
650 0 |a Aspectos sociales  |9 254894 
650 7 |a COSTUMBRES  |2 CL-VaPUC  |9 337506 
651 0 |a Estados Unidos  |9 255178 
583 |a last modification  |c 20000505 00:00:00  |k Rodrigo Vera 
999 |c 287694  |d 287692 
952 |0 0  |1 0  |4 0  |6 973_080000000000000_BRO_1945  |7 0  |8 X  |9 334653  |a BIBHIS  |b BIBHIS  |d 2019-11-20  |i 1273353  |o 973.08 BRO 1945  |p 1273353  |r 2024-01-30  |w 2019-11-20  |y BK_X  |k HIS